Effect of wtheat bran utilizertion as feed concentration on growth starter performance of piglets at tang hang ly farm, kandal province, (ឥទ្ធិពលនៃការប្រើប្រាស់កន្ទក់ស្រូវសាឡីក្នុងចំណីផ្សំលើការលូតលាស់កូនជ្រូកវគ្គដំបូងនៅកសិដ្ឋាន តំាង ហំាងលី ខេត្តកណ្ដាល) (Record no. 2260)

000 -LEADER
fixed length control field 00836nam a22001577a 4500
003 - CONTROL NUMBER IDENTIFIER
control field OSt
005 - DATE AND TIME OF LATEST TRANSACTION
control field 20151008165249.0
008 - FIXED-LENGTH DATA ELEMENTS--GENERAL INFORMATION
fixed length control field 151008b xxu||||| |||| 00| 0 eng d
040 ## - CATALOGING SOURCE
Transcribing agency RUA
082 ## - DEWEY DECIMAL CLASSIFICATION NUMBER
Classification number AVM SUO 2008 B084 Or.1
100 ## - MAIN ENTRY--PERSONAL NAME
9 (RLIN) 2400
Personal name SUO SINOEUN
245 ## - TITLE STATEMENT
Title Effect of wtheat bran utilizertion as feed concentration on growth starter performance of piglets at tang hang ly farm, kandal province, (ឥទ្ធិពលនៃការប្រើប្រាស់កន្ទក់ស្រូវសាឡីក្នុងចំណីផ្សំលើការលូតលាស់កូនជ្រូកវគ្គដំបូងនៅកសិដ្ឋាន តំាង ហំាងលី ខេត្តកណ្ដាល)
260 ## - PUBLICATION, DISTRIBUTION, ETC. (IMPRINT)
Place of publication, distribution, etc. phnom penh
Name of publisher, distributor, etc. rua
Date of publication, distribution, etc. 2008
300 ## - PHYSICAL DESCRIPTION
Extent x, 46p.
Other physical details ill.
Dimensions 29cm.
942 ## - ADDED ENTRY ELEMENTS (KOHA)
Source of classification or shelving scheme
Koha item type AVM
Holdings
Price effective from Date last seen Permanent Location Not for loan Date acquired Source of classification or shelving scheme Koha item type Barcode Lost status Damaged status Shelving location Withdrawn status Current Location Full call number
2015-10-082015-10-08Library Block B 2015-10-08 AVMRUA007961  B084 Library Block BAVM SUO 2008 B084 Or.1
2015-10-082015-10-08Library Block B 2015-10-08 AVMRUA008648  B084 Library Block BAVM SUO 2008 B084 Or.2
2015-10-082015-10-08Library Block B 2015-10-08 AVMRUA008423  B084 Library Block BAVM SUO 2008 B084 Or.3
2015-10-082015-10-08Library Block B 2015-10-08 AVMRUA008576  B084 Library Block BAVM SUO 2008 B084 Or.4
2015-10-082015-10-08Library Block B 2015-10-08 AVMRUA008712  B084 Library Block BAVM SUO 2008 B084 Or.6
2015-10-082015-10-08Library Block B 2015-10-08 AVMRUA008720  B084 Library Block BAVM SUO 2008 B084 Or.5
2015-10-082015-10-08Library Block B 2015-10-08 AVMRUA025127  B084 Library Block BAVM SUO 2008 B084 Or.7
2015-10-082015-10-08Library Block B 2015-10-08 AVMRUA025199  B084 Library Block BAVM SUO 2008 B084 Or.8
2015-10-082015-10-08Library Block B 2015-10-08 AVMRUA025052  B084 Library Block BAVM SUO 2008 B084 Or.9
2015-10-082015-10-08Library Block B 2015-10-08 AVMRUA025271  B084 Library Block BAVM SUO 2008 B084 Or.10
មជ្ឈមណ្ឌលឯការនៃសាកលវិទ្យាល័យភូមិន្ទកសិកម្មចំការដូង

Powered by Koha